000 00188nam a22000857a 4500
082 _a823
100 _aTAGORE, RABINDRANATH
245 _aINTERESTING STORIES BY RABINDRANATH TAGORE
942 _cBK
999 _c8224
_d8224